Degenerados, anormales y delincuentes : gestos entre ciencia, política y representaciones en el caso argentino /

Guardado en:
Autor Principal: Ferro, Gabo
Formato: Libro
Publicado: Buenos Aires : Marea, 2010
Series:Pasado imperfecto ; 6
Materias:
Etiquetas: Agregar Etiqueta
Sin Etiquetas, Sea el primero en etiquetar este registro!
LEADER 00725nam a22002415a 4500
001 CEM.cems014574
005 20150401161012.0
008 130507s2010##################000#0#####d
003 CEMS
020 |a 9789871307302 
082 0 4 |a F301 
100 1 |a Ferro, Gabo 
245 1 0 |a Degenerados, anormales y delincuentes :  |b gestos entre ciencia, política y representaciones en el caso argentino /  |c Gabo Ferro 
260 |a Buenos Aires :  |b Marea,  |c 2010 
300 |a 210 p. 
490 0 |a Pasado imperfecto ; 6 
653 |a Historia 
653 |a Histria de la cultura 
653 |a Historia argentina 
653 |a Cultura 
653 |a Política 
653 |a Educación 
859 |a CEMS  |b BIB. CEMS - 11 de abril  |h F301  |i 1  |p 2825.44  |t Ej.1